| 000 | 00342 a2200097 4500 | ||
|---|---|---|---|
| 100 | 1 |
_aMazel', S.I.. _eAutor |
|
| 700 | 1 |
_aUstinov, P.M.. _eAutor |
|
| 245 | 0 |
_aSooruzenija sel'skoj telefonnoj svjazi i provodnogo vescanija / _cMazel' S.I., Ustinov P.M.. |
|
| 710 | 2 |
_aVyssaja Skola. _eWydawca _4pbl |
|
| 260 |
_aMoskva : _bVyssaja Skola, _c1978. |
||
| 300 |
_a295 s.; _c25 cm. |
||
| 999 |
_c7937 _d7937 |
||